A Constituição cidadã e o direito tributário : (Record no. 774)

MARC details
000 -LÍDER
Campo Fixo de Controle 01081nam a2200277 a 4500
001 - NÚMERO DE CONTROLE
Campo de Controle 774
003 - IDENTIFICAÇÃO DO NÚMERO DE CONTROLE
Campo de Controle BR-CuiBMT
005 - DATA E HORA DA ÚLTIMA ATUALIZAÇÃO
Campo de Controle 20231127201002.0
008 - DADOS FIXOS
Dados Fixos 230823s2019 mgba 001 0 por d
020 ## - INTERNATIONAL STANDARD BOOK NUMBER
Nº do ISBN 9788545006787
040 ## - AGÊNCIA CATALOGADORA
Código da Agência Catalogadora BR-CuiBMT
Agência que transcreveu o registro BR-CuiBMT
080 ## - Nº DA CLASSIFICAÇÃO DECIMAL UNIVERSAL
Nº Class. CDU 34:336.22
Nº edição CDU 2007
090 ## - NÚMERO DE CHAMADA
Nº classificação 34:336.22
Cutter C758
245 02 - TÍTULO PRINCIPAL
Título principal A Constituição cidadã e o direito tributário :
Subtítulo estudos em homenagem ao ministro Carlos Ayres Britto /
Indicação de responsabilidade Saul Tourinnho Leal, Eduardo Lourenço Gregório Júnior coordenadores ; prefácio Ricardo Lewandowski.
260 ## - PUBLICAÇÃO, DISTRIBUIÇÃO, ETC.
Local de publicação Belo Horizonte :
Editora Fórum,
Data c2019.
300 ## - DESCRIÇÃO FÍSICA
N. páginas ou volumes 508 p. :
Ilustrações il. ;
Dimensões 24 cm
504 ## - NOTA DE BIBLIOGRAFIA, ETC.
Nota de bibliografia Inclui bibliografia.
590 ## - NOTA LOCAL
Nota local A Biblioteca possui a 1. reimpr. 2020.
600 14 - ASSUNTO -- NOME PESSOAL
Nome pessoal Britto, Carlos Ayres,
Datas associadas ao nome 1942-
650 ## - ASSUNTO TÓPICO
Cabeçalho tópico ou nome geográfico Direito tributário
Subdivisão geral Legislação
Subdivisão geográfica Brasil
650 ## - ASSUNTO TÓPICO
Cabeçalho tópico ou nome geográfico Direito constitucional
Subdivisão geral Tributação
Subdivisão geográfica Brasil
650 ## - ASSUNTO TÓPICO
Cabeçalho tópico ou nome geográfico Administração tributária
Subdivisão geral Constituição
Subdivisão geográfica Brasil
700 1# - ENTRADA SECUNDÁRIA -- NOME PESSOAL
Nome pessoal Leal, Saul Tourinho,
Datas associadas ao nome 1982-
Cód. do termo explicativo coord.
700 1# - ENTRADA SECUNDÁRIA -- NOME PESSOAL
Nome pessoal Gregório Júnior, Eduardo Lourenço
Cód. do termo explicativo coord.
942 ## - ELEMENTOS DE ENTRADA ADICIONAIS (KOHA)
Fonte de classificação ou esquema de arquivamento Classificação Decimal Universal
Tipo de item do Koha Livros
Holdings
Estado: removido Estado: perdido Fonte de classificação ou esquema de arquivamento Estado: danificado Indisponível para empréstimo Localização permanente Localização atual Data de aquisição Total Checkouts Número de Chamada completo Código de barras Date last seen Número do exemplar Preço efetivo a partir de Tipo de item (Koha) Nota pública
    Classificação Decimal Universal     Biblioteca da Escola Superior de Contas do TCE/MT Biblioteca da Escola Superior de Contas do TCE/MT 16/11/2023   34:336.22 C758 BIBTCEMT23110686 16/11/2023 Ex. 1 16/11/2023 Livros 1. reimpr. 2020
    Classificação Decimal Universal     Biblioteca da Escola Superior de Contas do TCE/MT Biblioteca da Escola Superior de Contas do TCE/MT 16/11/2023   34:336.22 C758 BIBTCEMT23110687 16/11/2023 Ex. 2 16/11/2023 Livros 1. reimpr. 2020
    Classificação Decimal Universal     Biblioteca da Escola Superior de Contas do TCE/MT Biblioteca da Escola Superior de Contas do TCE/MT 23/11/2023   34:336.22 C758 BIBTCEMT23110964 23/11/2023 Ex. 3 23/11/2023 Livros 1. reimpr. 2020

Powered by Koha